| 000 | 00602cam a2200193 a 4500 | ||
|---|---|---|---|
| 001 | 000008833 | ||
| 005 | 20200929161424.0 | ||
| 008 | 830831s1964 ck 000 1 spa | ||
| 040 |
_aDO-SdBNP _bspa _cBNPHU |
||
| 082 |
_aCo863.44 _bB748L |
||
| 100 | 1 |
_aBotero, Juan José, _d1840-1926. _923388 |
|
| 245 | 1 | 0 |
_aLejos del nido : _bnovela / _cJuan José Botero. |
| 260 |
_aMedellín, Colombia : _bBedout, _c[1964]. |
||
| 300 |
_a304 p. ; _c19 cm. |
||
| 490 | 1 |
_aBolsilibros Bedout _v10 |
|
| 650 | 4 |
_aNovela colombiana _91243 |
|
| 650 | 4 |
_aLiteratura colombiana _91244 |
|
| 830 | 0 |
_aBolsilibros Bedout, _v10 _93750 |
|
| 999 |
_c8602 _d8602 |
||